| 000 -LEADER |
| fixed length control field |
00557cam a2200157 i 4500 |
| 008 - FIXED-LENGTH DATA ELEMENTS--GENERAL INFORMATION |
| fixed length control field |
160818s2017 ncu 000 0deng c |
| 020 ## - INTERNATIONAL STANDARD BOOK NUMBER |
| International Standard Book Number |
9781616205188 |
| 082 04 - |
| Classification number |
769.569881 |
| Edition number |
23 |
| 100 1# - MAIN ENTRY--AUTHOR'S NAME |
| Author's Name |
Barron, James, |
| Dates associated with a name |
1954- |
| Relator term |
author. |
| 245 14 - TITLE STATEMENT |
| Title |
The one-cent magenta : |
| Remainder of title |
inside the quest to own the most valuable stamp in the world / |
| Statement of responsibility, etc. |
James Barron. |
| 250 ## - EDITION STATEMENT |
| Edition statement |
First edition. |
| 500 ## - GENERAL NOTE |
| General note |
"Published simultaneously in Canada by Thomas Allen & Son Limited." |
| 650 #0 - TOPICAL TERM (Tag) |
| Topical term or geographic name |
Rare postage stamps |
| Geographic subdivision |
Guyana |
| 650 #0 - TOPICAL TERM (Tag) |
| Topical term or geographic name |
Stamp collectors |
| 650 #0 - TOPICAL TERM (Tag) |
| Topical term or geographic name |
Stamp collecting |